The nurse mentor’s companion
Gorde:
| Egile nagusia: | |
|---|---|
| Formatua: | Liburua |
| Hizkuntza: | ingelesa |
| Argitaratua: |
Sage Publications
2015
|
| Etiketak: |
Etiketa erantsi
Etiketarik gabe, Izan zaitez lehena erregistro honi etiketa jartzen!
|
MARC
| LEADER | 00000nam a22000007a 4500 | ||
|---|---|---|---|
| 008 | 210122b ||||| |||| 00| 0 eng d | ||
| 020 | |a 978-1-4462-0311-8 | ||
| 100 | |a CRAIG, Kim. | ||
| 245 | |a The nurse mentor’s companion |c Kim Craig & Barbara Smith. |g xix: 162p; ill. | ||
| 260 | |b Sage Publications |c 2015 |h Los Angeles |i 693354 |i 693355 |l RT71 .C84 |m Nursing – Study and teaching. |m Mentoring. |m Education, Nursing. | ||
| 942 | |a lcc |c BK |e YUNUSA, A.A. |f 22/01/2021 | ||
| 952 | |0 0 |1 0 |2 lcc |4 0 |6 RT0071 C84 |7 0 |9 1479 |a HOL |b HE |c QZ |d 2021-01-22 |l 0 |o RT71 .C84 |p 2021-0276 |r 2021-01-22 00:00:00 |w 2021-01-22 |y BK | ||
| 952 | |0 0 |1 0 |2 lcc |4 0 |6 RT0071 C84 |7 0 |9 1480 |a HOL |b HOL |c QZ |d 2021-01-22 |l 0 |o RT71 .C84 |p 2021-0277 |r 2021-01-22 00:00:00 |w 2021-01-22 |y BK | ||
| 999 | |c 774 |d 774 | ||